=LDR 00000nam 2200000 4500 =001 INLIS000000000011331 =005 20130612102914 =008 ***********************************Ind** =035 ##$$0010-061300000011331 =041 ##$$a Ind =082 ##$$a 380.1 =090 ##$$a 380.1, Man p =100 ##$$a Mangkusuwondo, Suahardi =245 ##$$a Peradagangan dan pengembangan , Suhadi Mangkusuwondo =260 ##$$a 1986 $b Jakarta =300 ##$$a Vi, 218 hlm, 21 cm =650 ##$$a Perdagangan =850 ##$$a NBPNMAT